Welcome to the Holygrace Academy Library

Please use search bar below to get started

DIARY OF A WIMPY KID: DIPER OVERLODE (Record no. 9007)

MARC details
000 -LEADER
fixed length control field 00362nam a22001337a 4500
020 ## - INTERNATIONAL STANDARD BOOK NUMBER
ISBN 978-0-241-61811-0
082 ## - DEWEY DECIMAL CLASSIFICATION NUMBER
Classification number 823
Item number KIN/D
100 ## - MAIN ENTRY--AUTHOR NAME
Personal name KINNEY, JEFF
245 ## - TITLE STATEMENT
Title DIARY OF A WIMPY KID: DIPER OVERLODE
246 ## - VARYING FORM OF TITLE
Title proper/short title DIARY OF A WIMPY KID: DIPER OVERLODE
Remainder of title DIARY OF A WIMPY KID: DIPER OVERLODE
260 ## - PUBLICATION, DISTRIBUTION, ETC. (IMPRINT)
Place of publication U K
Name of publisher PENGYIN
Year of publication 2023
300 ## - PHYSICAL DESCRIPTION
Number of Pages 217
942 ## - ADDED ENTRY ELEMENTS (KOHA)
Koha item type Books
Holdings
Withdrawn status Lost status Collection code Home library Current library Shelving location Date acquired Source of acquisition Cost, normal purchase price Full call number Accession Number Koha item type
    Fiction Main Library Main Library SHELF 15 H-HARRY POTTER(CHARACTERISATION),WIMPY KID,DORK DIARIES 16/11/2024 PURCHASED 399.00 823 KIN/D 13775 Books